One Christ-Many Religions (Record no. 7821)

MARC details
000 -LEADER
fixed length control field 00437nam a2200169 a 4500
082 00 - DEWEY DECIMAL CLASSIFICATION NUMBER
Classification number 261.2
Author Cutter SAM
100 ## - MAIN ENTRY--AUTHOR NAME
Author name Samartha, S J
245 ## - TITLE STATEMENT
Title One Christ-Many Religions
260 ## - PUBLICATION, DISTRIBUTION, ETC. (IMPRINT)
Place of publication Bangalore
Name of publisher SATRI
Year of publication 1992
300 ## - PHYSICAL DESCRIPTION
Number of Pages 212p
500 ## - GENERAL NOTE
General note includes index and biblioraphy
505 2# - FORMATTED CONTENTS NOTE
Formatted contents note Biblio, Index
650 ## - SUBJECT ADDED ENTRY--TOPICAL TERM
Topical Term Jesus Christ-Person and Offices
650 ## - SUBJECT ADDED ENTRY--TOPICAL TERM
Topical Term Christianity and Other Religions
942 ## - ADDED ENTRY ELEMENTS (KOHA)
Koha item type Books
700 1# -
-- Samartha, S J
Holdings
Home library Current library Date acquired Cost, normal purchase price Full call number Accession Number Koha item type
Henry Martyn Institute Library Henry Martyn Institute Library 04/10/2008 85.00 261.2 SAM 014444 Lost Books
Henry Martyn Institute Library Henry Martyn Institute Library 07/26/2022   291 SAM   Books
                   Copyright © 2026 | Henry Martyn Institute | Hyderabad | TS-500052 | INDIA | Implemented by hmi.edu.in
Hit-Count:

Powered by Koha